Atletismo educativo : (Registro nro. 13920)
[ vista simple ]
| 000 -LIDER | |
|---|---|
| fixed length control field | 00734nam a2200229 a 4500 |
| 001 - NÚMERO DE CONTROL | |
| Identificador de número de control | 000046824 |
| 003 - IDENTIFICACDOR DE NÚMERO DE CONTROL | |
| control field | DO-SdBNP |
| 005 - DATE AND TIME OF LATEST TRANSACTION | |
| control field | 20211206104058.0 |
| 008 - ELEMENTOS DE LONGITUD FIJA | |
| fixed length control field | 180402s2016 dr a r 000 0 spa d |
| 020 ## - ISBN | |
| International Standard Book Number | 9789954167238 |
| 040 ## - FUENTE DE CATALOGACIÓN | |
| Agencia que crea de manera original el registro | DO-SdBNP |
| Idioma de catalogación | spa |
| Agencia que realiza la transcripción | BPMSU |
| 082 ## - NÚMERO DE CLASIFICACIÓN DECIMAL DE DEWEY | |
| Classification number | 375.796 |
| Item number | V297a 2016 |
| Edition number | 22 |
| 100 1# - ASIENTO PRINCIPAL -- NOMBRE PERSONAL | |
| Nombre personal | Vargas Vargas, Elpidio |
| 245 10 - MENCIÓN DE TITULO | |
| Título | Atletismo educativo : |
| Subtítulo | currículo y formación docente / |
| Mención de responsabilidad | Elpidio Vargas Vargas, Sara Alarcón Afón. |
| 260 ## - PUBLICACIÓN, DISTRIBUCIÓN, ETC. (PIE DE IMPRENTA) | |
| Lugar de publicación, distribución, etc | Santo Domingo : |
| Nombre del editor, distribuidor, etc. | Búho, |
| Fecha de publicación, distribución, etc | 2016. |
| 300 ## - DESCRIPCIÓN FÍSICA | |
| Extensión | 148 p. : |
| Otros detalles físicos | il. ; |
| Dimensiones | 24 cm. |
| 590 ## - NOTA LOCAL | |
| Texto de la nota local | Inventariado,2021/VM |
| 650 #4 - ENCABEZAMIENTO DE MATERIA--TEMÁTICO | |
| Fuente del encabezamiento o término | |
| Término temático o nombre geográfico como elemento de entrada | Educación física |
| Subdivisión temática general | Enseñanza |
| Subdivisión geográfica | República Dominicana |
| 700 1# - ASIENTO SECUNDARIO -- NOMBRE PERSONAL | |
| Nombre personal | Alarcón Afón, Sara |
| 910 ## - VALIDACIÓN | |
| Validación | VMateo V. |
| 942 ## - ADDED ENTRY ELEMENTS (KOHA) | |
| Source of classification or shelving scheme | Dewey Decimal Classification |
| Koha item type | Libros |
| Withdrawn status | Lost status | Source of classification or shelving scheme | Damaged status | Not for loan | Collection code | Home library | Current library | Date acquired | Source of acquisition | Total Checkouts | Full call number | Barcode | Date last seen | Price effective from | Koha item type |
|---|---|---|---|---|---|---|---|---|---|---|---|---|---|---|---|
| Dewey Decimal Classification | Colección Dominicana | Biblioteca Pública Metropolitana Salomé Ureña | Biblioteca Pública Metropolitana Salomé Ureña | 12/06/2021 | Editora Búho | BPMSU CD 375.796 V297a 2016 | BPMSU21120012 | 12/06/2021 | 12/06/2021 | Libros |